Botany illustrated : (Record no. 20774)

000 -LEADER
fixed length control field 00737cam a22002177a 4500
020 ## - INTERNATIONAL STANDARD BOOK NUMBER
ISBN 9780387288703
020 ## - INTERNATIONAL STANDARD BOOK NUMBER
ISBN 0387288708
040 ## - CATALOGING SOURCE
Transcribing agency DLC
082 ## - DEWEY DECIMAL CLASSIFICATION NUMBER
Classification number 571 GLI 2006 A006 Or.
100 1# - MAIN ENTRY--AUTHOR NAME
Personal name Glimn-Lacy, Janice.
245 10 - TITLE STATEMENT
Title Botany illustrated :
Remainder of title introduction to plants, major groups, flowering plant families /
250 ## - EDITION STATEMENT
Edition statement 2nd ed.
260 ## - PUBLICATION, DISTRIBUTION, ETC. (IMPRINT)
Place of publication New York, NY :
Name of publisher Springer,
Year of publication 2006.
300 ## - PHYSICAL DESCRIPTION
Number of Pages xiv, 146 p. :
Other physical details ill. ;
Dimensions 28 cm.
650 #0 - SUBJECT ADDED ENTRY--TOPICAL TERM
Topical Term Botany.
700 1# - ADDED ENTRY--PERSONAL NAME
Personal name Kaufman, Peter B.
856 41 - ELECTRONIC LOCATION AND ACCESS
Uniform Resource Identifier http://www.loc.gov/catdir/toc/fy0608/2005935289.html
856 42 - ELECTRONIC LOCATION AND ACCESS
Uniform Resource Identifier http://www.loc.gov/catdir/enhancements/fy0663/2005935289-d.html
856 42 - ELECTRONIC LOCATION AND ACCESS
Uniform Resource Identifier http://www.loc.gov/catdir/enhancements/fy0824/2005935289-b.html
942 ## - ADDED ENTRY ELEMENTS (KOHA)
Koha item type ADB
952 ## - LOCATION AND ITEM INFORMATION (KOHA)
Withdrawn status [LOCAL, KOHA] 0
Holdings
Permanent Location Date acquired Koha item type Lost status Shelving location Barcode Current Location Full call number
Library Block A2022-11-25ADB A028a070114Library Block A571 GLI 2006 A028 Or.
មជ្ឈមណ្ឌលឯការនៃសាកលវិទ្យាល័យភូមិន្ទកសិកម្មចំការដូង

Powered by Koha